| 000 | 00661cab a2200241 4500 | ||
|---|---|---|---|
| 001 | ABS60347 | ||
| 008 | 090401t1999 xxu||||| |||| 00| 0 eng d | ||
| 035 | _a(Sirsi) u92100 | ||
| 041 | _aeng | ||
| 100 | _aDewar, D. | ||
| 245 | _aDraft revised PPG12 guidance on development plans | ||
| 260 | _c1999 | ||
| 350 | _a0 | ||
| 490 |
_aPlanning (for the Natural and Built Environment) _v(1308) 5 March 1999, 8(1) |
||
| 650 | _aDEVELOPMENT PLANS | ||
| 650 | _aDRAFT PPG12 | ||
| 650 | _aINTEGRATED TRANSPORT | ||
| 650 | _aPLANNING POLICY | ||
| 650 | _aSUSTAINABLE DEVELOPMENT | ||
| 690 | _aPLANNING LAW AND PRACTICE | ||
| 942 | _n0 | ||
| 948 | _c16/03/1999 | ||
| 999 |
_c58392 _d58392 |
||